| 000 | 00847nam a22001817a 4500 | ||
|---|---|---|---|
| 005 | 20241204124502.0 | ||
| 010 | _aHIN-125446 | ||
| 020 |
_a9789380807140 _c325.00 |
||
| 035 | _aHN-97792 | ||
| 082 | _a613 | ||
| 100 |
_aजैन, उषा "शीरीं" _974669 |
||
| 245 |
_aहैल्थ इज़ वैल्थ: _bस्वास्थ्य सम्बंधी आलेख/ _cउषा जैन "शीरीं" |
||
| 260 |
_aदिल्ली _bईस्टएण्ड पब्लिकेशन्स _c2012 |
||
| 270 |
_a29/502, ईस्ट एणड अपार्टमैंट्स, मयूर विहार एक्सटेंशन फेस-1, _bदिल्ली _e110096 _k9891176800 |
||
| 300 |
_a222 पृ. _c22 सें.मी.(सजिल्द) |
||
| 942 |
_2ddc _cHN _mजैनउ |
||
| 999 |
_c68189 _d68189 |
||